000 00311nam a22001337a 4500
008 180924b xxu||||| |||| 00| 0 eng d
020 _a21149
041 _aeng
080 _a621
100 _a28
101 _aMEK
245 _aElectrical and Electronic Engineering Series
_cFitzgerald, A.E
942 _2udc
_cBK
999 _c48369
_d48369